| 000 | 01242cam a22003254a 4500 | ||
|---|---|---|---|
| 999 |
_c530121 _d530121 |
||
| 001 | 12689202 | ||
| 003 | NUST | ||
| 005 | 20191010153924.0 | ||
| 008 | 020226s2003 enka b 001 0 eng | ||
| 010 | _a 2002102782 | ||
| 020 | _a0761973982 | ||
| 035 | _a(DLC) 2002102782 | ||
| 038 | _aMSOHAIL | ||
| 040 |
_aDLC _cDLC _dDLC |
||
| 042 | _apcc | ||
| 050 | 0 | 0 |
_aHA32 _b.A68 2003 |
| 082 | 0 | 0 |
_a300.727 _221 |
| 100 | 1 |
_aAntonius, Rachad. _923469 |
|
| 245 | 1 | 0 |
_aInterpreting quantitative data with SPSS / _cRachad Antonius. |
| 260 |
_aLondon ; _aThousand Oaks, Calif. : _bSage Publications, _c2003. |
||
| 300 |
_axxiii, 306 p. : _bill. ; _c25 cm. |
||
| 504 | _aIncludes bibliographical references (p. [296]-297) and index. | ||
| 630 | 0 | 0 |
_aSPSS (Computer file) _923470 |
| 650 | 0 |
_aSocial sciences _xStatistical methods _xComputer programs. _911342 |
|
| 856 | 4 | 2 |
_3Publisher description _uhttp://www.loc.gov/catdir/enhancements/fy0658/2002102782-d.html |
| 856 | 4 | 1 |
_3Table of contents only _uhttp://www.loc.gov/catdir/enhancements/fy0658/2002102782-t.html |
| 906 |
_a7 _bcbc _corignew _d2 _eepcn _f20 _gy-gencatlg |
||
| 942 |
_2ddc _cBK |
||